Historie výroby a vývoje stavebních strojů v českých zemích. IV., Automobilní jeřáby /

Main Author: Kolomý, Radoslav
Language: Czech
Published: Praha : Národní technické muzeum, 2017
Series: Práce z dějin techniky a přírodních věd
Subjects:
Physical Description: 181 stran : ilustrace, faksimile ; 25 cm
Language note: Anglické resumé
Book
Saved in:
LEADER 01996nam a2200553 i 4500
001 nkc20182983201
003 CZ PrNK
005 20190611093342.0
007 ta
008 180312s2017 xr ah f 000 0 cze
015 |a cnb002983201 
020 |a 978-80-7037-279-1  |q (brožováno) 
035 |a (OCoLC)1031045839 
040 |a ABA001  |b cze  |e rda 
041 0 |a cze  |b eng 
043 |a e-xr--- 
045 |a x-x- 
072 7 |a 621  |x Strojírenství  |2 Konspekt  |9 19 
080 |a 621.873.3:629.364.1  |2 MRF 
080 |a 69-1  |2 MRF 
080 |a (437.3)  |2 MRF 
080 |a (048.8)  |2 MRF 
100 1 |a Kolomý, Radoslav  |7 xx0024317  |4 aut 
245 1 0 |a Historie výroby a vývoje stavebních strojů v českých zemích.  |n IV.,  |p Automobilní jeřáby /  |c Radoslav Kolomý 
246 3 0 |a Automobilní jeřáby 
264 1 |a Praha :  |b Národní technické muzeum,  |c 2017 
300 |a 181 stran :  |b ilustrace, faksimile ;  |c 25 cm 
336 |a text  |b txt  |2 rdacontent 
336 |a statický obraz  |b sti  |2 rdacontent 
337 |a bez média  |b n  |2 rdamedia 
338 |a svazek  |b nc  |2 rdacarrier 
490 1 |a Práce z dějin techniky a přírodních věd ;  |v svazek 50 
500 |a 200 výtisků 
504 |a Obsahuje bibliografii 
546 |a Anglické resumé 
648 7 |a 20. století  |7 ch460558  |2 czenas 
650 0 7 |a autojeřáby  |7 ph986760  |2 czenas 
650 0 7 |a stavební stroje  |7 ph126084  |z Česko  |y 20. století  |2 czenas 
650 0 9 |a mobile cranes  |2 eczenas 
650 0 9 |a building machines  |z Czechia  |y 20th century  |2 eczenas 
655 7 |a monografie  |7 fd132842  |2 czenas 
655 9 |a monographs  |2 eczenas 
830 0 |a Práce z dějin techniky a přírodních věd  |0 s 
910 2 |a BOA001  |b 2-1321.205,4 
990 |a BK 
995 |a 01 
991 |b 201803  |c NOV 
996 6 |b 2610737952  |c 2-1321.205,4  |l MZK  |r Sklad / do 1 hodiny  |n 2  |p p.v.  |w 001656766  |u 000010  |a 1  |e BOA001  |j MZK50  |s P 
996 7 |b 2610785762  |c 2-1321.205,4  |l MZK  |r Sklad / do 1 hodiny  |n 2  |p kup  |w 001656766  |u 000020  |a 1  |e BOA001  |j MZK50  |s A